000
00227 a2200097 4500
001
42831
100
_a
Anjum Zahid Hussain
245
_a
Pakistan kay Teen Saal
260
_a
Lahore
_b
Sheikh Ghulam Ali
_c
090
_c
26721
_d
26721
942
_a
NUST-CAE
_c
M
_c
18582
999
_c
277904
_d
277904